000 00343nam a2200133Ia 4500
008 240624s9999 xx 000 0 und d
041 _aeng
082 _a330.951 PAU
100 _aPAULSON HENRY M
245 _aDEALING WITH CHINA AN INSIDER UNMASKS TH
260 _c2015
_aNew York
_bTwelve
300 _axvii, 670 p.; 23 cm.
365 _c
_b38
999 _c29027
_d29027